Derechos personalísimos de la gestante en el contrato de gestación por sustitución
Guardado en:
| Autor principal: | |
|---|---|
| Formato: | Desconocido |
| Aporte de: | Registro referencial: Solicitar el recurso aquí |
| LEADER | 00374 a2200109 4500 | ||
|---|---|---|---|
| 001 | ART_47713 | ||
| 005 | 20260410162006.0 | ||
| 008 | 260409a | ||
| 245 | 1 | 0 | |a Derechos personalísimos de la gestante en el contrato de gestación por sustitución |
| 100 | 1 | |a Oliveri, Agustina | |
| 773 | 0 | |t Temas de derecho civil |g - Año 4, N° 10 (oct. 2018) |w REV34778 | |
| 999 | |c 31774 |d 31774 | ||